000
00349pam a2200157a 44500
008
230515b1996 xxu||||| |||| 00| 0 eng d
020
_a
NULL
041
_a
ENGL
082
_a
1.642 / GOT
100
_a
BYRON S. GOTTFRIED
245
_a
PROGRAMMING WITH C
250
_a
N.D.
260
_a
NULL
_b
T.M.H
_c
1996
300
_a
532 PB
650
_a
NULL
999
_c
631853
_d
631853